Mamá Isabel: Comedia en tres actos y en prosa, estrenada en Santiago en el Teatro de la Comedia, por la Compañía Alejandro Flores el 21 de julio de 1928

Guardat en:
Dades bibliogràfiques
Autors principals: Cifuentes, Francisco de Borja (Autor), Pizarro Espoz, Luis (Autor)
Format: Llibre
Idioma:espanyol
Publicat: Santiago Nascimento 1928
Edició:1a. ed
Matèries:
Etiquetes: Afegir etiqueta
Sense etiquetes, Sigues el primer a etiquetar aquest registre!

MARC

LEADER 00000nam a2200000 a 4500
001 UCJ4046
003 CL-VaPUC
008 070124e19280000CL |||||||||||||||||spa|d
082 0 4 |a Ch862  |b CIF  |2 21 
100 0 |a Cifuentes, Francisco de Borja  |e author  |9 506899 
700 0 |a Pizarro Espoz, Luis  |e author  |9 506900 
245 1 0 |a Mamá Isabel: Comedia en tres actos y en prosa, estrenada en Santiago en el Teatro de la Comedia, por la Compañía Alejandro Flores el 21 de julio de 1928 
250 |a 1a. ed 
300 |a 72 p 
942 |c BK 
945 |d 20070124 00:00:00  |a rinostro 
260 |a Santiago  |b Nascimento  |c 1928 
600 0 7 |a FLORES, ALEJANDRO  |2 CL-VaPUC  |9 506901 
600 0 7 |a CIFUENTES, ABDON  |2 CL-VaPUC  |9 345269 
600 0 7 |a PIZARRO, BRUNO SERGIO  |2 CL-VaPUC  |9 506902 
600 0 7 |a TEATRO DE LA COMEDIA  |2 CL-VaPUC  |9 506903 
650 0 |a Teatro chileno  |9 266701 
650 0 |a Comedia  |9 341454 
583 |a last modification  |c 20070124 00:00:00  |k Rodrigo Vera 
999 |c 320164  |d 320162 
952 |0 0  |1 0  |4 0  |6 CH_862_000000000000000_CIF_1928  |7 0  |8 X  |9 398638  |a FDOBUD  |b FDOBUD  |d 2019-11-22  |i 1012657  |o Ch862 CIF 1928  |p 1012657  |r 2019-11-22  |w 2019-11-22  |y BK_X  |k BUD